000 01477nam a22003977a 4500
003 CHAP
005 20220817044333.0
008 100414s2010 mx a r 00010 spa d
010 _a98119
011 _a99091
035 _a109776
040 _cCHAP
090 _aTesis
100 1 _aOlaya Fernández, Ernesto.
_982969
245 1 0 _aRevisión bibliográfica sobre los glucosinolatos en colza (Brassica napus L.)
_c/por Ernesto Olaya Fernández
260 _aChapingo, Méx. :
_bEl autor,
_c2010
300 _aiv, 50 h. :
_bcuadros
502 _aTesis (Ing. Agr. Esp. en Zootecnia) -- UACH. Departamento de Zootecnia
530 _aTambién disponible en línea
590 _aALEPH
_b10
_c20130110
_lUCH01
_h1533
590 _aBATCH-UPD
_b10
_c20130110
_lUCH01
_h1415
590 _aBATCH-UPD
_b10
_c20130410
_lUCH01
_h0859
590 _aBATCH-UPD
_b10
_c20130913
_lUCH01
_h1900
590 _aBATCH-UPD
_b10
_c20140324
_lUCH01
_h1516
590 _aBATCH-UPD
_b10
_c20141002
_lUCH01
_h0842
590 _aCONVERSION
_b10
_c20130109
_lUCH01
_h1354
650 1 4 _aAceites vegetales en nutrición animal.
_9465
650 1 4 _aCanola.
_918441
650 1 4 _aGucosinalatos.
_951081
650 1 4 _aNutrición animal.
856 _3Finding aid
_uhttp://10.13.5.2/tesis/109776.pdf
_zTeclea aqui
901 _aBK
942 _cFOLL
949 _aTesis
_bBC
_cTES
_d33724002166652
_eTS1
_gDonaciØn
_h50344
_i109776
_st
949 _aTesis
_bBC
_cTES
_d33724002166694
_eTS2
_fc.2
_gDonaciØn
_h50345
_i109776
_si
999 _c98119
_d98119